The potential of education in quantity surveying to reduce poverty by generating investment and emplyment (Record no. 105648)

MARC details
000 -LEADER
fixed length control field 01281cam a22002055a 4500
001 - CONTROL NUMBER
control field L134326
008 - FIXED-LENGTH DATA ELEMENTS--GENERAL INFORMATION
fixed length control field 080724s2004 xxkd f 000 0 eng u
035 ## - SYSTEM CONTROL NUMBER
System control number (Sirsi) u134326
050 04 - LIBRARY OF CONGRESS CALL NUMBER
Classification number 711.14 $2 18
100 ## - MAIN ENTRY--PERSONAL NAME
Personal name Westcott, Tony
245 04 - TITLE STATEMENT
Title The potential of education in quantity surveying to reduce poverty by generating investment and emplyment
260 ## - PUBLICATION, DISTRIBUTION, ETC.
Place of publication, distribution, etc. Bristol
Date of publication, distribution, etc. 2004
300 ## - PHYSICAL DESCRIPTION
Extent 14p.
Other physical details ill.
Dimensions 30cm.
505 2# - FORMATTED CONTENTS NOTE
Formatted contents note World poverty -- Where are the QSs? -- The changing face of quantity surveying -- Challenges for quantity surveying in the alleviation of poverty -- Public recognition of providing added value services -- Reliable and consistently high level of professional expertise -- Integrity and strong ethical code -- Sufficient authority to provide effective management and leadership -- Conclusions
520 ## - SUMMARY, ETC.
Summary, etc. Conference paper focusing on quantity surveyors, asking whether they can help to alleviate poverty. Asks whether quantity surveyors can stimulate capital investment and questions whether they can be a force for change in supporting sustainable development and improved equity among the global population.
521 ## - TARGET AUDIENCE NOTE
Target audience note Advanced
651 #4 - SUBJECT ADDED ENTRY--GEOGRAPHIC NAME
Geographic name International
690 ## - LOCAL SUBJECT ADDED ENTRY--TOPICAL TERM (OCLC, RLIN)
Topical term or geographic name as entry element BUILT ENVIRONMENT-QUANTITY SURVEYING-QUANTITY SURVEYORS
942 ## - ADDED ENTRY ELEMENTS (KOHA)
Suppress in OPAC 0
Holdings
Withdrawn status Lost status Source of classification or shelving scheme Damaged status Not for loan Home library Current library Shelving location Date acquired Total Checkouts Full call number Barcode Date last seen Copy number Price effective from Koha item type
    Dewey Decimal Classification     London London Basement 24/07/2008   BASEMENT 30073161 06/08/2019 1 06/08/2019 Book